Jersey rain : [poems] /
Uložené v:
| Hlavný autor: | |
|---|---|
| Médium: | Kniha |
| Jazyk: | English |
| Vydané: |
New York :
Farrar, Straus and Giroux,
c2000
|
| Vydanie: | 1st ed. |
| Témy: | |
| ISBN: |
0374527725 (brož.) |
| Fyzický popis: |
52 s. : portrét ; 21 cm |
| Tagy: |
Pridať tag
Žiadne tagy, Buďte prvý kto otaguje tento záznam!
|
Titul je dostupný aj v ... 

MARC
| LEADER | 00000nam a2200000 a 4500 | ||
|---|---|---|---|
| 001 | 000000047 | ||
| 005 | 20040308105955.0 | ||
| 008 | 040217s2000 xxu j engo | ||
| FMT | |||
| 020 | |a 0374527725 (brož.) | ||
| 040 | |a SVKKK |b slo |c SVKKK |e AACR2 | ||
| 041 | 0 | |a eng | |
| 044 | |a xxu |c US | ||
| 072 | 7 | |a 821.111(73)-1 |x Americká poézia |2 konspekt | |
| 080 | |a 821.111(73)-1 |2 1997 | ||
| 080 | |a (0:82-1) |2 1997 | ||
| 100 | 1 | |a Pinsky, Robert |4 aut | |
| 245 | 1 | 0 | |a Jersey rain : |b [poems] / |c Robert Pinsky |
| 250 | |a 1st ed. | ||
| 260 | |a New York : |b Farrar, Straus and Giroux, |c c2000 | ||
| 300 | |a 52 s. : |b portrét ; |c 21 cm | ||
| 655 | 7 | |a americká poézia |2 SVKKKPH | |
| 655 | 7 | |a umelecká literatúra |2 SVKKKPH | |
| 919 | |a 0-374-52772-5 | ||
| 998 | |a BK | ||
| Z30 | 1 | |l SCK01 |l SCK01 |m BOOK |1 SCKUS |2 SK20 |b Americké centrum |3 III.196169 |9 25 - Beletria (americká_P) - |6 959468 |q 20040217 |5 2720020414 |8 20040217 |g EMPTYKNIHA |f 80 |s Voľný výber |g 000000049 |h SCKUS |z 401.75 |t 20120111 |u 1402 |w 000000047 |x 000010 |r GZ |r 002 | |
| a02 | 0 | |a 0374527725 (brož.) | |
| 090 | |g SCKUS |k Americké centrum |a III.196169 |j 959468 |i 2720020414 |s Voľný výber |r 002 | ||